书目信息 |
| 题名: |
经济学帝国主义
|
|
| 作者: | 高小勇 主编 | |
| 分册: | 第一卷 | |
| 出版信息: | 北京 朝华出版社 2005 |
|
| 页数: | 23,266页 | |
| 开本: | 23cm | |
| 丛书名: | 联智文库 | |
| 单 册: | ||
| 中图分类: | F0-53 | |
| 科图分类: | ||
| 主题词: | 经济学--文集 | |
| 电子资源: | ||
| ISBN: | 7-5054-1218-3 | |
| 000 | 01408nam0 2200373 450 | |
| 000 | 01371nam0 2200361 450 | |
| 000 | 01367nam0 2200373 450 | |
| 000 | 01313nam0 2200349 450 | |
| 000 | 01309nam0 2200337 450 | |
| 000 | 01272nam0 2200325 45 | |
| 001 | TS-167476 | |
| 005 | 20061208101411.17 | |
| 010 | @a7-5054-1218-3@dCNY28.00 | |
| 100 | @a20060829d2005 emky0chiy0110 ea | |
| 101 | 0 | @achi |
| 102 | @aCN@b110000 | |
| 105 | @ay z 000yy | |
| 200 | 1 | @a经济学帝国主义@Ajing ji xue di guo zhu yi@e《经济学消息报》精选文集@E《 Jing Ji Xue Xiao Xi Bao》 Jing Xuan Wen Ji@h第一卷@HDi Yi Juan@f高小勇主编@FGao Xiao Yong Zhu Bian |
| 210 | @a北京@c朝华出版社@d2005 | |
| 215 | @a23,266页@d23cm | |
| 225 | 2 | @a联智文库@i联智财经文丛 |
| 304 | @a张五常,樊纲序 | |
| 308 | @a联智文库:111 | |
| 330 | @a本书是经济学文集,所收录的文章从“价格”、“代价”、“费用”的角度看世界,解释和推论过去与将来的行为。并收录了一些相关随笔与札记。 | |
| 410 | 0 | @1001002798645@12001 @a联智文库 |
| 510 | 1 | @aEconomic Imperialism@hI@zeng |
| 517 | 1 | @a《经济学消息报》精选文集@A《 jing ji xue xiao xi bao 》 jing xuan wen ji |
| 606 | 0 | @a经济学@x文集 |
| 690 | @aF0-53@v4 | |
| 701 | 0 | @a高小勇@Agao xiao yong@4主编 |
| 801 | 0 | @aCN@b中图数据@c20061208 |
| 905 | @a10447@dF0-53@e254:1 | |
| 经济学帝国主义:《经济学消息报》精选文集.第一卷/高小勇主编.-北京:朝华出版社,2005 |
| 23,266页;23cm.-(联智文库.联智财经文丛) |
| ISBN 7-5054-1218-3:CNY28.00 |
| 本书是经济学文集,所收录的文章从“价格”、“代价”、“费用”的角度看世界,解释和推论过去与将来的行为。并收录了一些相关随笔与札记。 |
| ● |
| 相关链接 |
|
|
|
|
正题名:经济学帝国主义
索取号:F0-53/254:1
 
预约/预借
| 序号 | 登录号 | 条形码 | 馆藏地/架位号 | 状态 | 备注 |
| 1 | 0618465 | 206184653 | 第一样本阅览室/ [索取号:F0-53/254:1] | 在馆 | |
| 2 | 0618466 | 206184662 | 第一借阅区/ [索取号:F0-53/254:1] | 在馆 | |
| 3 | 0618467 | 206184671 | 第一借阅区/ [索取号:F0-53/254:1] | 在馆 |